| 000 | 01173cam a2200313 4500 | ||
|---|---|---|---|
| 001 | 10751452 | ||
| 003 | ARRUPE | ||
| 005 | 20160323120837.0 | ||
| 008 | 710308s1970 nyuac 000 0 eng | ||
| 010 | _a 75021231 | ||
| 020 | _a0345018915 | ||
| 020 | _a9780345018915 | ||
| 035 | _a(OCoLC)ocm00126395 | ||
| 035 | _a(NNC)10751452 | ||
| 040 |
_aDLC _beng _cDLC _dEYM _dOCLCO _dOCLCF |
||
| 050 | 0 |
_aPN2297.L5 _bM3 |
|
| 082 | _a792/.097471 | ||
| 100 | 1 |
_aMantegna, Gianfranco. _923303 |
|
| 245 | 1 | 0 |
_aWe, the Living Theatre; _ba pictorial documentation by Gianfranco Mantegna of the life and the pilgrimage of the Living Theatre in Europe and in the U.S. _cIntroduced by a panel discussion on Theatre as revolution, coordinated by Aldo Rostagno with the participation of Julian Beck and Judith Malina. |
| 260 |
_aNew York, _bBallantine Books _c[1970] |
||
| 300 |
_a240 p. _billus., ports. _c18 cm. |
||
| 490 | 1 | _aBallantine Walden edition | |
| 610 | 2 | 0 |
_aLiving Theatre (New York, N.Y.) _923304 |
| 700 | 1 |
_aRostagno, Aldo. _923305 |
|
| 830 | 0 |
_aBallantine Walden edition. _923306 |
|
| 942 |
_2lcc _cMONOGRAPH |
||
| 948 | 1 |
_a20140508 _bc _cks26 _dMPS |
|
| 999 |
_c124469 _d124469 |
||